|
|
|
|
| LEADER |
00000nab a2200000uu 4500 |
| 001 |
vtls011514604 |
| 003 |
SK-MaSNL |
| 005 |
20260303181038.0 |
| 008 |
230704|1963 xo |||||||||||||||||slo| |
| 015 |
|
|
|a SNBRB
|
| 035 |
|
|
|a (urnnbn)urn:nbn:sk:snk:ar-001gip
|
| 035 |
|
|
|a (uuid)db0d1735-bb08-46a9-a67f-d822990fe0ae
|
| 035 |
|
|
|a urn:nbn:sk:snk-abe4fq
|
| 040 |
|
|
|a SNKBUCL
|b slo
|c SNKBUCL
|e AACR2
|
| 041 |
0 |
|
|a slo
|
| 044 |
|
|
|a xo
|c SK
|
| 100 |
1 |
|
|a Kot, Jozef,
|d 1936-2022
|4 aut
|9 87654
|
| 245 |
1 |
0 |
|a Rytier zlatej hviezdy redivivus
|c Jozef Kot
|
| 773 |
0 |
|
|t Slovenské pohľady
|g Roč. 79, č. 2 (1963), s. 103-105
|
| 850 |
|
|
|a Slovenská národná knižnica
|
| 852 |
|
|
|a Slovenská národná knižnica
|
| 954 |
|
|
|a odborná, vedecká literatúra pôvodná (slovenská)
|2 lita
|
| 958 |
|
|
|a OND
|
| 958 |
|
|
|a EUIPO
|
| 958 |
|
|
|a article21
|
| 999 |
|
|
|c 2108678
|d 2110608
|